[Event "Frankfurt Ch A 2017"]
[Site "Ffm-Höchst, BiKuZ"]
[Date "2017.05.15"]
[Round "4.6"]
[White "Rutsatz, Mario"]
[Black "Nehmert, Ulrich"]
[Result "0-1"]
[WhiteElo "1943"]
[BlackElo "2144"]
[PlyCount "78"]
[EventDate "2017.??.??"]
[WhiteTeam "SF Frankfurt"]
[BlackTeam "Wiesbadener SV"]

1. c4 Nf6 2. Nf3 c5 3. Nc3 d5 4. cxd5 Nxd5 5. g3 Nc6 6. Bg2 Nc7 7. O-O e5 8. d3
Be7 9. Nd2 O-O 10. Bxc6 bxc6 11. Nc4 Bh3 12. Re1 f6 13. Qa4 Qe8 14. Be3 Kh8 15.
Ne4 f5 16. Ned6 Bxd6 17. Nxd6 Qe6 18. Bxc5 Qd5 19. Ne4 fxe4 20. Bxf8 exd3 21.
Bxg7+ Kxg7 22. e4 Qd6 23. Qd1 Be6 24. Qd2 Bc4 25. b3 Ba6 26. Rad1 Ne6 27. Kg2
c5 28. h4 Rf8 29. h5 Rf6 30. Rh1 h6 31. Rh4 Kh7 32. Qc3 Qd4 33. Qxd4 Nxd4 34.
f4 Ne2 35. f5 Nc3 36. Rd2 Rd6 37. Rg4 Nxe4 38. Rxe4 Bb7 39. Kf3 Rd4 0-1

[Event "Frankfurt Ch A 2017"]
[Site "Ffm-Höchst, BiKuZ"]
[Date "2017.05.15"]
[Round "4.7"]
[White "Kaliski, Erwin"]
[Black "Fucik, Timo"]
[Result "1-0"]
[WhiteElo "2129"]
[BlackElo "2003"]
[PlyCount "73"]
[EventDate "2017.??.??"]
[WhiteTeam "SC Bad Nauheim"]
[BlackTeam "SK Ettlingen"]

1. e4 c5 2. Nc3 Nc6 3. Nge2 g6 4. g3 Bg7 5. Bg2 e6 6. O-O Nge7 7. b3 O-O 8. Bb2
b5 9. Rb1 Qb6 10. a4 a6 11. d3 Bb7 12. Qd2 Rfd8 13. Nd1 Nd4 14. Ne3 d5 15. exd5
Nxd5 16. Nxd5 Bxd5 17. Bxd5 Rxd5 18. Bxd4 cxd4 19. axb5 Rxb5 20. Ra1 Bf8 21.
Ra4 Bb4 22. Qf4 e5 23. Qh4 Rc8 24. g4 Qe6 25. Ng3 Be7 26. g5 Rxc2 27. Rfa1 Rb6
28. Ne4 h5 29. Qg3 Rxb3 30. Rxa6 Qg4 31. Ra8+ Kg7 32. Qxg4 hxg4 33. Re8 Bxg5 34. Raa8 Rb1+
35. Kg2 f5 36. Ra7+ Be7 37. Raxe7+ Kh6 38. Rh8# 1-0

[Event "Frankfurt Ch A 2017"]
[Site "Ffm-Höchst, BiKuZ"]
[Date "2017.05.15"]
[Round "4.8"]
[White "Sarközy, Benjamin"]
[Black "Teschler, Ulrich"]
[Result "1/2-1/2"]
[WhiteElo "2106"]
[BlackElo "1973"]
[PlyCount "67"]
[EventDate "2017.??.??"]
[WhiteTeam "SC Somborn"]
[BlackTeam "SV Fechenheim"]

1. e4 e6 2. d4 d5 3. Nc3 Nf6 4. Bg5 Be7 5. e5 Nfd7 6. h4 h6 7. Bxe7 Qxe7 8. Qg4
f5 9. exf6 Nxf6 10. Qg3 a6 11. Bd3 O-O 12. Nf3 c5 13. dxc5 Nc6 14. O-O-O Qxc5
15. Kb1 Qb4 16. Rde1 Qg4 17. Qc7 Rf7 18. Qd6 Qb4 19. Qg3 Qg4 20. Qd6 Qb4 21.
Qxb4 Nxb4 22. Bg6 Re7 23. Ne5 Nc6 24. f3 Bd7 25. g4 d4 26. g5 Nxe5 27. Rxe5
dxc3 28. gxf6 gxf6 29. Rh5 Bc6 30. Rxh6 Bxf3 31. Rg1 Rg7 32. Bh7+ Kf7 33. Bg6+
Ke7 34. bxc3 1/2-1/2

[Event "Frankfurt Ch A 2017"]
[Site "Ffm-Höchst, BiKuZ"]
[Date "2017.05.15"]
[Round "4.9"]
[White "Reschke, Thomas"]
[Black "Egenolf, Dirk"]
[Result "1-0"]
[WhiteElo "2095"]
[BlackElo "1939"]
[PlyCount "69"]
[EventDate "2017.??.??"]
[WhiteTeam "SC Frankfurt-West"]
[BlackTeam "SK Niederbrechen"]

1. c4 g6 2. g3 Bg7 3. Bg2 d6 4. Nc3 e5 5. e4 Ne7 6. Nge2 Be6 7. d3 Qd7 8. h4 h5
9. Be3 f6 10. Qd2 Na6 11. Nd5 c6 12. Nxe7 Qxe7 13. b4 Nc7 14. Rb1 O-O 15. O-O
Rfd8 16. f4 Qd7 17. Rbc1 Bh3 18. f5 Bxg2 19. Kxg2 Kh7 20. d4 Qe7 21. d5 Qf7 22.
fxg6+ Qxg6 23. Rf5 cxd5 24. cxd5 Ne8 25. Nc3 Bh6 26. Rcf1 Bxe3 27. Qxe3 Rdc8
28. Qf3 Ng7 29. Rxf6 Qg4 30. Rxd6 Qxf3+ 31. Rxf3 Rc7 32. Nb5 Re7 33. Rdf6 Rc8
34. Nd6 Rc2+ 35. Rf2 1-0

[Event "Frankfurt Ch A 2017"]
[Site "Ffm-Höchst, BiKuZ"]
[Date "2017.05.15"]
[Round "4.10"]
[White "Neininger, Ralph"]
[Black "Budde, Michael"]
[Result "1-0"]
[WhiteElo "2101"]
[BlackElo "1917"]
[PlyCount "79"]
[EventDate "2017.??.??"]
[WhiteTeam "Frankfurter TV"]
[BlackTeam "SC Flörsheim"]

1. d4 Nf6 2. c4 c5 3. d5 b5 4. cxb5 a6 5. b6 d6 6. Nc3 Qxb6 7. e4 g6 8. a4 a5
9. Bb5+ Bd7 10. Nf3 Bxb5 11. axb5 Nbd7 12. O-O Bg7 13. Qe2 O-O 14. Nd2 e6 15.
Nc4 Qc7 16. dxe6 fxe6 17. Bf4 e5 18. Bg5 h6 19. Bxf6 Nxf6 20. Rfd1 Rfd8 21. Ra3
Kh7 22. Nd5 Nxd5 23. Rxd5 Bf8 24. Qd2 a4 25. Qd1 Qb8 26. b6 Qb7 27. Rxa4 Rxa4
28. Qxa4 Ra8 29. Qd1 Qa6 30. b3 Qa1 31. h3 Qc3 32. Rd3 Qb4 33. Kh2 Ra2 34. Qf3
Bg7 35. Rxd6 Qe1 36. Rd1 Qxf2 37. Qxf2 Rxf2 38. b7 Rf8 39. Na5 Rb8 40. Rd7 1-0

[Event "Frankfurt Ch A 2017"]
[Site "Ffm-Höchst, BiKuZ"]
[Date "2017.05.15"]
[Round "4.11"]
[White "Koch, Markus"]
[Black "Winand, Edgar"]
[Result "0-1"]
[WhiteElo "2066"]
[BlackElo "1872"]
[PlyCount "78"]
[EventDate "2017.??.??"]
[WhiteTeam "SC Brett vorm Kopp"]
[BlackTeam "SC Flörsheim"]

1. d4 d6 2. c4 g6 3. e4 Bg7 4. Nc3 Nc6 5. Be3 e5 6. Nge2 Bd7 7. Qd2 a6 8. f3
Nf6 9. d5 Na7 10. b4 b6 11. Nc1 Nh5 12. Nd3 O-O 13. c5 f5 14. Be2 fxe4 15. Nxe4
Nf4 16. Nxf4 exf4 17. Bd4 Bxd4 18. Qxd4 Qh4+ 19. Kd2 bxc5 20. bxc5 Bb5 21. a4
Bxe2 22. Kxe2 Nc8 23. g3 Qe7 24. c6 Rf5 25. Rad1 Nb6 26. a5 Nxd5 27. Qc4 Qf7
28. Rxd5 Re8 29. Rhd1 fxg3 30. Qd3 gxh2 31. Kf2 Rxe4 32. Rxd6 Re8 33. Rd7 Qa2+
34. Kg3 Rg5+ 35. Kf4 Rf5+ 36. Kg3 Rg5+ 37. Kf4 Rf8+ 38. Kxg5 Qg2+ 39. Kh4 Rf4#
0-1

[Event "Frankfurt Ch A 2017"]
[Site "Ffm-Höchst, BiKuZ"]
[Date "2017.05.15"]
[Round "4.13"]
[White "Schwenkreis, Thomas"]
[Black "Schmitt, Roland"]
[Result "1-0"]
[WhiteElo "2036"]
[BlackElo "1848"]
[PlyCount "85"]
[EventDate "2017.??.??"]
[WhiteTeam "SV Oberursel"]
[BlackTeam "SK Großsachsen"]

1. e4 e5 2. Nc3 Nf6 3. g3 Bc5 4. Bg2 Nc6 5. Nf3 d6 6. d3 a6 7. O-O O-O 8. Bg5
h6 9. Bd2 Bg4 10. h3 Be6 11. Kh2 Kh7 12. Qe1 Qd7 13. Nh4 Nd4 14. Rc1 g5 15. Nf5
Nxf5 16. exf5 Bxf5 17. g4 Bxg4 18. hxg4 Nxg4+ 19. Kg1 f5 20. Nd1 Qf7 21. Ne3
Bxe3 22. fxe3 Qh5 23. Qg3 f4 24. exf4 gxf4 25. Qh3 Qg5 26. Kh1 h5 27. Be4+ Kh8
28. Be1 Rg8 29. Bh4 Qh6 30. Rg1 Qe6 31. Qf3 c6 32. c4 Rae8 33. Rg2 Rg7 34. Re1
Qf7 35. b3 Reg8 36. Reg1 Ne3 37. Rxg7 Rxg7 38. Rxg7 Kxg7 39. Qh3 Kh6 40. Qc8
Kg7 41. Qd8 Ng4 42. Qxd6 f3 43. Qe7 1-0

[Event "Frankfurt Ch A 2017"]
[Site "Ffm-Höchst, BiKuZ"]
[Date "2017.05.15"]
[Round "4.14"]
[White "Rondonuwu, Grover"]
[Black "Kulenovic, Adnan"]
[Result "1-0"]
[WhiteElo "2036"]
[BlackElo "1821"]
[PlyCount "85"]
[EventDate "2017.??.??"]
[WhiteTeam "Frankfurter TV"]
[BlackTeam "SV Kinzigtal"]

1. d4 e5 2. dxe5 Nc6 3. Nf3 f6 4. exf6 Nxf6 5. Bg5 Bc5 6. e3 d6 7. Be2 O-O 8.
O-O Qe8 9. Nbd2 Qg6 10. c3 Kh8 11. Bh4 Bd7 12. a4 a5 13. Bg3 Rae8 14. Nb3 Ba7
15. Nfd4 Bb6 16. Bf3 Nd8 17. Nd2 d5 18. Nb5 Ne6 19. Qb1 Qf7 20. c4 Bxb5 21.
axb5 Ng5 22. cxd5 Nxd5 23. Be2 Qe7 24. Nc4 Qc5 25. Nxb6 Qxb6 26. Bc4 Nb4 27.
Qc1 Ne4 28. Bf4 g5 29. Bg3 h5 30. b3 h4 31. Qb2+ Kh7 32. Be5 Rf5 33. Bd4 c5 34.
bxc6 Qxc6 35. Qe2 Qg6 36. Rfc1 g4 37. Bb5 Ref8 38. Rc7+ R8f7 39. Rxf7+ Rxf7 40.
Be8 h3 41. Bxf7 Qxf7 42. Qxg4 hxg2 43. Qxe4+ 1-0

[Event "Frankfurt Ch A 2017"]
[Site "Ffm-Höchst, BiKuZ"]
[Date "2017.05.15"]
[Round "4.15"]
[White "Stock, Jürgen"]
[Black "Medvedovski, Michael"]
[Result "1/2-1/2"]
[WhiteElo "1831"]
[BlackElo "2029"]
[PlyCount "112"]
[EventDate "2017.??.??"]
[WhiteTeam "SC Eschborn"]
[BlackTeam "Frankfurter TV"]

1. d4 d5 2. e3 Nf6 3. Bd3 c5 4. c3 Qc7 5. f4 Bg4 6. Nf3 e6 7. O-O Nc6 8. h3
Bxf3 9. Qxf3 Bd6 10. Nd2 O-O 11. g4 Ne7 12. Qf2 Qc6 13. g5 Nh5 14. Be2 g6 15.
Bxh5 gxh5 16. Qf3 Nf5 17. e4 dxe4 18. Nxe4 Be7 19. dxc5 Bxc5+ 20. Kh1 Be7 21.
Bd2 Rad8 22. Rae1 h4 23. Be3 Rd3 24. Rf2 Rfd8 25. Kg2 a6 26. Rfe2 Qd5 27. Nf2
Qxf3+ 28. Kxf3 R3d7 29. Bb6 Rc8 30. Ne4 Rd3+ 31. Kg4 Rc6 32. Bf2 Kg7 33. Bxh4
Bc5 34. Bf2 Bxf2 35. Rxf2 Rc8 36. Rf3 h5+ 37. gxh6+ Nxh6+ 38. Kg3 Rd5 39. Rg1
Rh8 40. Kf2+ Kf8 41. Ke2 Ke7 42. Rd1 Rxd1 43. Kxd1 Nf5 44. Ke2 Nh4 45. Rd3 Ng6
46. Rf3 b6 47. f5 exf5 48. Rxf5 Rxh3 49. Rxf7+ Kxf7 50. Ng5+ Kf6 51. Nxh3 Ke5
52. Kd3 Kd5 53. c4+ Ke5 54. Kc3 a5 55. Nf2 Ne7 56. Nd3+ Kd6 1/2-1/2

[Event "Frankfurt Ch A 2017"]
[Site "Ffm-Höchst, BiKuZ"]
[Date "2017.05.15"]
[Round "4.16"]
[White "Calvi, Stefan"]
[Black "Makilla, Tobias"]
[Result "1-0"]
[WhiteElo "2016"]
[BlackElo "1791"]
[PlyCount "43"]
[EventDate "2017.??.??"]
[WhiteTeam "SF Frankfurt"]
[BlackTeam "SC Hattersheim"]

1. e4 e5 2. Nf3 Nc6 3. d4 exd4 4. Nxd4 Nf6 5. Nc3 Bb4 6. Nxc6 bxc6 7. Bd3 O-O
8. O-O d5 9. exd5 cxd5 10. h3 c6 11. Qf3 Bd6 12. Re1 Rb8 13. b3 Bb4 14. Bd2 d4
15. Ne4 Bxd2 16. Nxd2 c5 17. Qg3 Bb7 18. Re5 Qc7 19. Rae1 Qc6 20. Ne4 Nd5 21.
Rxd5 Rbe8 22. Rd6 1-0

[Event "Frankfurt Ch A 2017"]
[Site "Ffm-Höchst, BiKuZ"]
[Date "2017.05.15"]
[Round "4.17"]
[White "Worzelberger, Armin"]
[Black "Zweschper, Erich"]
[Result "0-1"]
[WhiteElo "1770"]
[BlackElo "2016"]
[PlyCount "96"]
[EventDate "2017.??.??"]
[WhiteTeam "SC Grunbach"]
[BlackTeam "SVG Eppstein"]

1. e4 g6 2. Bc4 Bg7 3. Nf3 d6 4. d4 e6 5. Bg5 Ne7 6. Nbd2 Nd7 7. c3 h6 8. Be3
a6 9. Qc2 b6 10. h4 Nf6 11. Bd3 Bb7 12. e5 Nfd5 13. h5 Nxe3 14. fxe3 g5 15. O-O
Nd5 16. Rae1 g4 17. Nh2 dxe5 18. Bg6 O-O 19. Bh7+ Kh8 20. Nxg4 Qg5 21. Nf3 Qxg4
22. dxe5 Ne7 23. Nh2 Qxh5 24. Be4 Bxe4 25. Qxe4 Qxe5 26. Qf3 Qg5 27. Qh3 Ng6
28. Nf3 Qc5 29. Kf2 Nf4 30. Qg4 Nd3+ 31. Kg3 Qd6+ 32. Kh3 Nxe1 33. Rxe1 e5 34.
Nh4 Qf6 35. e4 Qg5 36. Nf5 Qxg4+ 37. Kxg4 Rad8 38. Re2 Kh7 39. Ne7 Rd7 40. Nd5
f5+ 41. Kf3 f4 42. c4 Rb8 43. Rc2 c6 44. Nb4 Rd6 45. Nxa6 Ra8 46. c5 Rd3+ 47.
Ke2 Re3+ 48. Kf2 Rxa6 0-1

[Event "Frankfurt Ch A 2017"]
[Site "Ffm-Höchst, BiKuZ"]
[Date "2017.05.15"]
[Round "4.18"]
[White "Bennedik, Martin"]
[Black "Ottenburg, Ralph"]
[Result "1-0"]
[WhiteElo "2003"]
[BlackElo "1833"]
[PlyCount "129"]
[EventDate "2017.??.??"]
[WhiteTeam "SV Frankfurt Nord"]
[BlackTeam "SF Frankfurt"]

1. e4 e5 2. Nf3 Nc6 3. Bb5 a6 4. Ba4 Nf6 5. O-O Be7 6. Re1 b5 7. Bb3 O-O 8. d3
d6 9. a4 Bb7 10. axb5 axb5 11. Rxa8 Bxa8 12. Nbd2 Na5 13. Ba2 Nc6 14. Nf1 h6
15. Ng3 Re8 16. c3 Qd7 17. Nf5 Bf8 18. N3h4 Ne7 19. Qf3 Nxf5 20. Nxf5 Kh7 21.
Nxh6 d5 22. exd5 e4 23. dxe4 Bxd5 24. Bxd5 Qxd5 25. Qf5+ Qxf5 26. Nxf5 Rxe4 27.
Rxe4 Nxe4 28. Bf4 c6 29. Be3 c5 30. f3 Nf6 31. Bf4 g6 32. Bd6 Bxd6 33. Nxd6 b4
34. Nxf7 b3 35. Ng5+ Kh6 36. Ne4 Nd5 37. Nxc5 Nxc3 38. Nxb3 Na4 39. Kf2 Nxb2
40. Ke3 Nc4+ 41. Ke4 Kg5 42. g3 Nd6+ 43. Ke3 Nf5+ 44. Kf2 Nd6 45. Nd4 Nc4 46.
h3 Kf6 47. h4 Ke5 48. Nc2 Kf6 49. f4 Nd6 50. Kf3 Nf7 51. Ne3 Nd6 52. g4 Nf7 53.
g5+ Ke6 54. Kg4 Nd6 55. h5 gxh5+ 56. Kxh5 Kf7 57. Kg4 Kg8 58. f5 Kf7 59. Nd5
Kg7 60. f6+ Kg6 61. Nf4+ Kf7 62. Ng2 Kg6 63. Nh4+ Kf7 64. Kf4 Ne8 65. Ke5 1-0

[Event "Frankfurt Ch A 2017"]
[Site "Ffm-Höchst, BiKuZ"]
[Date "2017.05.15"]
[Round "4.19"]
[White "Bischoff, Ulrich"]
[Black "Bittner, Peter"]
[Result "1/2-1/2"]
[WhiteElo "1981"]
[BlackElo "1792"]
[PlyCount "82"]
[EventDate "2017.??.??"]
[WhiteTeam "Sfr. Erbach"]
[BlackTeam "SC Nied"]

1. e4 e5 2. Nf3 Nc6 3. d4 exd4 4. Nxd4 Be7 5. Nc3 d6 6. Bb5 Bd7 7. O-O Nf6 8.
Re1 O-O 9. Bf4 Nxd4 10. Qxd4 Bxb5 11. Nxb5 Ng4 12. Rad1 a6 13. Nc3 Bf6 14. Qd2
Be5 15. h3 Bxf4 16. Qxf4 Ne5 17. b3 Ng6 18. Qg3 Re8 19. Nd5 Rc8 20. c4 Qh4 21.
Qxh4 Nxh4 22. Kh2 Ng6 23. a4 Ne7 24. Ne3 g6 25. g4 Kg7 26. Kg3 Nc6 27. Nd5 Ne7
28. Ne3 Nc6 29. f3 Re6 30. Nd5 h6 31. h4 Ree8 32. Kf4 Ne5 33. g5 hxg5+ 34. hxg5
Rh8 35. Kg3 Nd7 36. a5 Rh5 37. f4 f6 38. Rh1 fxg5 39. Rxh5 gxf4+ 40. Nxf4 gxh5
41. Nxh5+ Kf7 1/2-1/2

[Event "Frankfurt Ch A 2017"]
[Site "Ffm-Höchst, BiKuZ"]
[Date "2017.05.15"]
[Round "4.20"]
[White "Kuhn, Gerhard"]
[Black "Hinz, André"]
[Result "0-1"]
[WhiteElo "1962"]
[BlackElo "1729"]
[PlyCount "118"]
[EventDate "2017.??.??"]
[WhiteTeam "SK Marburg"]
[BlackTeam "SC Brett vorm Kopp"]

1. e4 Nc6 2. Nc3 d6 3. d4 g6 4. Be3 Bg7 5. Nf3 Nf6 6. h3 O-O 7. Qd2 a6 8. Bh6
e5 9. Bxg7 Kxg7 10. O-O-O Qe7 11. d5 Nb8 12. Nh2 Nh5 13. Ng4 Nd7 14. g3 b5 15.
Bg2 b4 16. Ne2 a5 17. Qh6+ Kh8 18. Ne3 Ba6 19. Bf3 Nhf6 20. Qg5 Nc5 21. Rhe1
Qd8 22. Qh4 Nfxe4 23. Qxd8 Raxd8 24. Bxe4 Nxe4 25. f3 Bxe2 26. Rxe2 Nxg3 27.
Red2 Nf5 28. Ng2 Rfe8 29. Re1 Nd4 30. Rf1 c5 31. dxc6 Rc8 32. f4 f5 33. fxe5
dxe5 34. Ne1 Rxc6 35. Nd3 b3 36. Kb1 bxc2+ 37. Kc1 e4 38. Nf4 Nf3 39. Rxc2
Rxc2+ 40. Kxc2 Rd8 41. Kc3 Ne5 42. b3 Nd3 43. h4 Nxf4 44. Rxf4 Rd3+ 45. Kc2 Rf3
46. Rxf3 exf3 47. Kd3 f4 48. Kd2 Kg7 49. Ke1 h6 50. Kf2 g5 51. Kxf3 Kf6 52. Ke4
Ke6 53. a3 Kd6 54. hxg5 hxg5 55. Kd4 g4 56. Ke4 f3 57. Ke3 Kd5 58. Kf2 Kd4 59.
Kg3 Ke3 0-1

[Event "Frankfurt Ch A 2017"]
[Site "Ffm-Höchst, BiKuZ"]
[Date "2017.05.15"]
[Round "4.21"]
[White "Kautz, Thomas"]
[Black "Gräbner, Walter"]
[Result "1/2-1/2"]
[WhiteElo "1760"]
[BlackElo "1944"]
[PlyCount "87"]
[EventDate "2017.??.??"]
[WhiteTeam "SK Niederbrechen"]
[BlackTeam "SC Nied"]

1. d4 Nf6 2. Nf3 d5 3. c4 e6 4. Nc3 c6 5. e3 Bd6 6. Bd3 Nbd7 7. O-O O-O 8. b3
Re8 9. Bb2 dxc4 10. Bxc4 b5 11. Bd3 e5 12. Ne4 Nxe4 13. Bxe4 Bb7 14. dxe5 Nxe5
15. Nxe5 Bxe5 16. Bxh7+ Kxh7 17. Qh5+ Kg8 18. Bxe5 Qd5 19. f4 f6 20. Rad1 Qe6
21. Rd6 Qe7 22. Rf3 Qf7 23. Qxf7+ Kxf7 24. Rd7+ Re7 25. Rxe7+ Kxe7 26. Rg3 Kf7
27. Bd4 Rd8 28. Bxa7 Rd1+ 29. Kf2 Rd2+ 30. Ke1 Rxa2 31. Bc5 Rc2 32. b4 Bc8 33.
e4 Be6 34. Kd1 Rb2 35. f5 Bc4 36. Bd6 Bf1 37. e5 fxe5 38. Bxe5 Rxg2 39. Ra3
Be2+ 40. Ke1 Bc4 41. Ra7+ Kf8 42. Bd6+ Kg8 43. Ra8+ Kh7 44. Rc8 1/2-1/2

[Event "Frankfurt Ch A 2017"]
[Site "Ffm-Höchst, BiKuZ"]
[Date "2017.05.15"]
[Round "4.22"]
[White "Moldenhauer, Jürgen"]
[Black "Zeyen, Helmut"]
[Result "1-0"]
[WhiteElo "1939"]
[BlackElo "1682"]
[PlyCount "84"]
[EventDate "2017.??.??"]
[WhiteTeam "SK Weinheim"]
[BlackTeam "Wiesbadener SV"]

1. Nf3 Nc6 2. d4 d5 3. e3 Bg4 4. h3 Bxf3 5. Qxf3 e6 6. c3 Qf6 7. Nd2 Qxf3 8.
Nxf3 Nf6 9. Bd3 Bd6 10. O-O Ne7 11. Nd2 c6 12. e4 dxe4 13. Nxe4 Nxe4 14. Bxe4
Nd5 15. g3 h6 16. c4 Nf6 17. Bg2 Rd8 18. Be3 O-O 19. Rad1 Rfe8 20. Rd3 e5 21.
dxe5 Bxe5 22. Rfd1 Rxd3 23. Rxd3 a6 24. b3 Bc7 25. Kf1 Rd8 26. Ke2 Rxd3 27.
Kxd3 Kf8 28. b4 Ke7 29. b5 axb5 30. cxb5 Nd5 31. Bc5+ Ke6 32. bxc6 bxc6 33. Kd4
Be5+ 34. Kc4 f5 35. Bd4 f4 36. Bxe5 Nb6+ 37. Kd4 c5+ 38. Ke4 fxg3 39. fxg3 g6
40. Bf1 h5 41. Bc7 Nd7 42. Bc4+ Kf6 1-0

[Event "Frankfurt Ch A 2017"]
[Site "Ffm-Höchst, BiKuZ"]
[Date "2017.05.15"]
[Round "4.23"]
[White "Kolker, Vladislav"]
[Black "Bergmann, Michael"]
[Result "1-0"]
[WhiteElo "1925"]
[BlackElo "1666"]
[PlyCount "122"]
[EventDate "2017.??.??"]
[WhiteTeam "SC Bad Nauheim"]
[BlackTeam "SF Frankfurt"]

1. e4 e5 2. f4 exf4 3. Nf3 d5 4. exd5 Nf6 5. Bb5+ c6 6. dxc6 Nxc6 7. d4 Bd6 8.
O-O O-O 9. Nc3 a6 10. Bxc6 bxc6 11. Ne5 Bxe5 12. dxe5 Qb6+ 13. Kh1 Ng4 14. Qe2
Re8 15. Bxf4 f6 16. Ne4 Nxe5 17. Nd6 Bg4 18. Qe4 Re6 19. Bxe5 fxe5 20. Qxg4
Rxd6 21. Qf5 Rdd8 22. Qe6+ Kh8 23. Qxe5 Re8 24. Qc3 Re3 25. Qd2 Rae8 26. Rae1
Rxe1 27. Rxe1 Rxe1+ 28. Qxe1 h6 29. Qe8+ Kh7 30. Qe4+ Kg8 31. b4 Qb5 32. h3
Qf1+ 33. Kh2 Qf6 34. Kg3 Qd6+ 35. Kf3 Qd1+ 36. Ke3 Qe1+ 37. Kd3 Qf1+ 38. Kc3
Qa1+ 39. Kb3 Qb1+ 40. Ka3 Qc1+ 41. Ka4 Qb1 42. a3 c5 43. Qd5+ Kh8 44. Qxc5 Qf1
45. Qd5 Qf8 46. c4 Qe8+ 47. Ka5 Qc8 48. c5 Kh7 49. Qd3+ Kh8 50. Qd6 Qb7 51. Qd3
Kg8 52. Qxa6 Qxg2 53. Qc8+ Kh7 54. a4 Qc2 55. Qd7 Qe4 56. c6 Qe5+ 57. b5 Qc5
58. c7 Qc3+ 59. Ka6 Qf6+ 60. b6 Qf3 61. c8=Q Qf1+ 1-0

[Event "Frankfurt Ch A 2017"]
[Site "Ffm-Höchst, BiKuZ"]
[Date "2017.05.15"]
[Round "4.24"]
[White "Stoll, Ulrich"]
[Black "Kuhn, Luis"]
[Result "0-1"]
[WhiteElo "1704"]
[BlackElo "1896"]
[PlyCount "50"]
[EventDate "2017.??.??"]
[WhiteTeam "Bad Vilbeler Sfr"]
[BlackTeam "SC Flörsheim"]

1. e4 c5 2. Nc3 Nc6 3. f4 d6 4. Bb5 Nf6 5. Nf3 Bg4 6. O-O e6 7. d3 Be7 8. b3
O-O 9. Bxc6 bxc6 10. Bb2 d5 11. h3 Bxf3 12. Rxf3 a5 13. e5 Nd7 14. a4 f6 15.
exf6 Bxf6 16. Rb1 Bd4+ 17. Kh1 e5 18. Ne2 Bxb2 19. Rxb2 Qh4 20. Qf1 exf4 21.
Qf2 Qf6 22. Rb1 g5 23. d4 Rae8 24. c3 Re4 25. Qf1 Qe6 0-1

[Event "Frankfurt Ch A 2017"]
[Site "Ffm-Höchst, BiKuZ"]
[Date "2017.05.15"]
[Round "4.25"]
[White "Rudolph, Lukas"]
[Black "Böhme, Jonas"]
[Result "1/2-1/2"]
[WhiteElo "1914"]
[BlackElo "1561"]
[PlyCount "111"]
[EventDate "2017.??.??"]
[WhiteTeam "SK Niederbrechen"]
[BlackTeam "SK Bad Homburg"]

1. e4 d5 2. exd5 Nf6 3. d4 Bg4 4. Be2 Bxe2 5. Nxe2 Qxd5 6. O-O Nc6 7. b3 O-O-O
8. c3 e6 9. Qc2 h5 10. Nf4 Qd6 11. Na3 g5 12. Nc4 Qd7 13. Nd3 Rg8 14. Nde5 Nxe5
15. Nxe5 Qe8 16. a4 Bd6 17. a5 a6 18. Qe2 Ng4 19. f3 Nxe5 20. dxe5 Bc5+ 21. Be3
Qb5 22. c4 Qc6 23. Qf2 Bxe3 24. Qxe3 g4 25. Rad1 Rxd1 26. Rxd1 gxf3 27. Qa7 b5
28. cxb5 axb5 29. a6 Qb6+ 30. Qxb6 Rxg2+ 31. Kh1 cxb6 32. Rf1 Ra2 33. Rxf3 Rxa6
34. Rxf7 Ra1+ 35. Kg2 Re1 36. Rh7 Rxe5 37. Kf3 Rc5 38. Ke4 Rc3 39. Rxh5 Rxb3
40. Ke5 Re3+ 41. Kd6 Kb7 42. Rxb5 Ka6 43. Rb2 b5 44. Kc5 Rc3+ 45. Kd6 Ka5 46.
Kxe6 b4 47. Kf5 Ka4 48. h4 Rh3 49. Kg5 Ka3 50. Rb1 b3 51. h5 Ka2 52. Re1 Rh2
53. h6 b2 54. Kg6 b1=Q+ 55. Rxb1 Kxb1 56. h7 1/2-1/2

[Event "Frankfurt Ch A 2017"]
[Site "Ffm-Höchst, BiKuZ"]
[Date "2017.05.15"]
[Round "4.26"]
[White "Thede, Stefan"]
[Black "Krüger, Till"]
[Result "0-1"]
[WhiteElo "1649"]
[BlackElo "1935"]
[PlyCount "114"]
[EventDate "2017.??.??"]
[WhiteTeam "SV Frankfurt Nord"]
[BlackTeam "SC Nidderau"]

1. b3 e5 2. Bb2 d6 3. d3 Nf6 4. Nf3 Be7 5. g3 O-O 6. Bg2 c6 7. c4 a5 8. O-O Na6
9. Nc3 Nc5 10. Qc2 h6 11. d4 Ncd7 12. Rad1 Qc7 13. Ba3 Re8 14. d5 Nc5 15. Nh4
Rb8 16. dxc6 bxc6 17. Bxc5 dxc5 18. Nf5 Bf8 19. Ne4 Nxe4 20. Qxe4 Be6 21. Ne3
Rbc8 22. Rd2 Be7 23. h4 g6 24. f4 exf4 25. Qxf4 Qxf4 26. Rxf4 h5 27. Rf1 Kg7
28. Nc2 Rc7 29. Ne1 a4 30. Nd3 axb3 31. axb3 Rd8 32. Rfd1 Rb8 33. Nc1 g5 34.
hxg5 Bxg5 35. Rd3 Bf6 36. Kf2 Rh8 37. Rh1 Bf5 38. e4 Bg6 39. Ne2 Re7 40. Ke3
Rhe8 41. Nf4 Bd4+ 42. Kd2 Re5 43. Bf3 Ra8 44. Nxh5+ Kf8 45. Nf6 Ra2+ 46. Kc1
Ke7 47. Ng8+ Kd7 48. Nf6+ Kc7 49. Rh4 Re6 50. Nh5 Ra1+ 51. Kd2 Ra2+ 52. Kc1 Re5
53. Kb1 Ra1+ 54. Kc2 Re8 55. Rd1 Ra2+ 56. Kb1 Rea8 57. Rhh1 Rb2+ 0-1

[Event "Frankfurt Ch A 2017"]
[Site "Ffm-Höchst, BiKuZ"]
[Date "2017.05.15"]
[Round "4.27"]
[White "Mügendt, Brian Christopher"]
[Black "Rau, Christian"]
[Result "0-1"]
[WhiteElo "1621"]
[BlackElo "1878"]
[PlyCount "58"]
[EventDate "2017.??.??"]
[WhiteTeam "SC Heusenstamm"]
[BlackTeam "SV Rüsselsheim"]

1. e4 e5 2. Nf3 Nc6 3. Bb5 a6 4. Ba4 Nf6 5. O-O Nxe4 6. d4 b5 7. Bb3 d5 8. dxe5
Be6 9. c3 Bc5 10. Nbd2 O-O 11. Bc2 Nxf2 12. Rxf2 f6 13. exf6 Bxf2+ 14. Kxf2
Qxf6 15. Kg1 g5 16. Nf1 g4 17. Qd3 Rf7 18. Bg5 Qg7 19. Re1 gxf3 20. Rxe6 Qxg5
21. g3 f2+ 22. Kg2 Ne7 23. h4 Qh5 24. Ne3 Qf3+ 25. Kh2 f1=Q 26. Nxf1 Qxf1 27.
Re2 Raf8 28. g4 Rf2+ 29. Rxf2 Rxf2+ 0-1

[Event "Frankfurt Ch A 2017"]
[Site "Ffm-Höchst, BiKuZ"]
[Date "2017.05.15"]
[Round "4.28"]
[White "Grossjohann, Daniel"]
[Black "Bratmann, Marc"]
[Result "0-1"]
[WhiteElo "1852"]
[BlackElo "1686"]
[PlyCount "118"]
[EventDate "2017.??.??"]
[WhiteTeam "SC Bad Soden"]
[BlackTeam "TuS Dotzheim"]

1. e4 c6 2. d4 d5 3. e5 c5 4. Bb5+ Nc6 5. Bxc6+ bxc6 6. Ne2 Ba6 7. c3 e6 8. O-O
Qb6 9. Re1 Nh6 10. Ng3 g6 11. Qb3 cxd4 12. Qxb6 axb6 13. cxd4 Ng8 14. Nc3 Ne7
15. Bg5 Nc8 16. Rac1 Na7 17. a3 Bc4 18. Nf1 Nb5 19. Be3 Bxf1 20. Kxf1 Nxc3 21.
Rxc3 Kd7 22. b4 Be7 23. Rec1 Rhc8 24. Ke2 f6 25. Bf4 f5 26. R1c2 Ra7 27. Bc1
Rac7 28. Rh3 h5 29. f4 c5 30. bxc5 bxc5 31. Rhc3 cxd4 32. Rxc7+ Rxc7 33. Rxc7+
Kxc7 34. Kd3 Bc5 35. a4 Bb4 36. Kxd4 Kb6 37. Kd3 Ka5 38. h3 Kxa4 39. Be3 Kb5
40. Bc1 Kc6 41. Be3 Bc5 42. Bd2 Kd7 43. Bc1 Ke7 44. Bd2 Kf7 45. Be1 Kg7 46. Bd2
Kh6 47. Bc1 Be7 48. Bd2 g5 49. g4 Kg6 50. gxh5+ Kxh5 51. Ke2 g4 52. Kf2 Kh4 53.
hxg4 Kxg4 54. Ke3 Bc5+ 55. Kd3 Kf3 56. Bc1 Bf2 57. Bd2 Bg3 58. Kd4 Bxf4 59. Bc3
Be3+ 0-1

[Event "Frankfurt Ch A 2017"]
[Site "Ffm-Höchst, BiKuZ"]
[Date "2017.05.15"]
[Round "4.29"]
[White "Lanz, Jürgen"]
[Black "Göbel, Andreas"]
[Result "0-1"]
[WhiteElo "1560"]
[BlackElo "1845"]
[PlyCount "42"]
[EventDate "2017.??.??"]
[WhiteTeam "SC Hattersheim"]
[BlackTeam "SC Brett vorm Kopp"]

1. c4 f5 2. g3 Nf6 3. Qc2 e6 4. Bg2 Be7 5. Nf3 O-O 6. O-O d5 7. cxd5 exd5 8. d4
c6 9. Bg5 h6 10. Bxf6 Bxf6 11. Ne5 Bxe5 12. dxe5 f4 13. Rd1 Qg5 14. Nd2 Qxe5
15. Nf3 Qf6 16. Rd4 fxg3 17. hxg3 Bf5 18. Qb3 Qe7 19. Rb4 Rf7 20. Nd4 Na6 21.
Nxf5 Qxb4 0-1

[Event "Frankfurt Ch A 2017"]
[Site "Ffm-Höchst, BiKuZ"]
[Date "2017.05.15"]
[Round "4.30"]
[White "Gutacker, Stephan"]
[Black "Schmieder, Stefan"]
[Result "0-1"]
[WhiteElo "1825"]
[BlackElo "1709"]
[PlyCount "98"]
[EventDate "2017.??.??"]
[WhiteTeam "Sfr. Kelkheim"]
[BlackTeam "SC Bad Soden"]

1. e4 c5 2. c3 Nf6 3. e5 Nd5 4. d4 cxd4 5. cxd4 e6 6. Nc3 Nxc3 7. bxc3 Qc7 8.
Bd2 d6 9. Nf3 Nd7 10. exd6 Bxd6 11. Bd3 O-O 12. O-O b6 13. Qc2 h6 14. Rfe1 Bb7
15. Be4 Bxe4 16. Qxe4 Rfd8 17. Qh4 Bf8 18. Ne5 Nxe5 19. Rxe5 Qe7 20. Qg4 g6 21.
Rae1 Bg7 22. R5e2 Rac8 23. h4 Rd5 24. f4 Rcd8 25. Rf1 Rf5 26. Qh3 h5 27. Be1
Rdd5 28. Qd3 Qc7 29. g3 b5 30. Bf2 e5 31. fxe5 Bxe5 32. Qe3 Bf6 33. Qh6 Rd8 34.
Rfe1 Qb8 35. Re4 Bg7 36. Qe3 Qc7 37. Re7 Qa5 38. Re2 Qa4 39. Qd2 Kh7 40. Be3 a6
41. Bf4 b4 42. cxb4 Rxd4 43. Qc2 Qxb4 44. Qc7 Rd1+ 45. Kg2 Qb1 46. Rxf7 Rg1+
47. Kf2 Qf1+ 48. Ke3 Rxg3+ 49. Kd2 Rd5+ 0-1